000 00378nam a22001457a 4500
999 _c4121
_d4121
008 200717b ||||| |||| 00| 0 eng d
082 0 0 _a620.1
_bS61718
100 _91607
_aSinger, F.L.
245 1 0 _aEngineering mechanics /
_cby F. L. Singer
250 _a3rd ed.
260 _aNew York
_bHarper & Row
_c1975
300 _axvi, 731 p.
650 0 _aApplied Mechanics
942 _cBK